Urbanization in India : (Record no. 65392)

MARC details
000 -LEADER
fixed length control field 00603nam a22001577a 4500
005 - DATE AND TIME OF LATEST TRANSACTION
control field 20120420152711.0
020 ## - INTERNATIONAL STANDARD BOOK NUMBER
International Standard Book Number 8186030662
Terms of availability 00.00
035 ## - SYSTEM CONTROL NUMBER
System control number A-944319
037 ## - SOURCE OF ACQUISITION
Stock number DPL
Source of stock number/acquisition ENG
100 ## - MAIN ENTRY--PERSONAL NAME
Personal name Misra, R.P.
245 ## - TITLE STATEMENT
Title Urbanization in India :
Remainder of title Challenges and opportunities /
Statement of responsibility, etc by R.P. Misra
260 ## - PUBLICATION, DISTRIBUTION, ETC. (IMPRINT)
Place of publication, distribution, etc New Delhi
Name of publisher, distributor, etc Regency Publications
Date of publication, distribution, etc 1998
300 ## - PHYSICAL DESCRIPTION
Extent III, 106p.
Dimensions 20 cms.
942 ## - ADDED ENTRY ELEMENTS (KOHA)
Source of classification or shelving scheme Dewey Decimal Classification
Item type English Books
Classification part 307.1214
Call number suffix MIS
Holdings
Withdrawn status Lost status Not for loan Collection code Home library Current library Date acquired Cost, normal purchase price Full call number Barcode Cost, replacement price Koha item type
      Non-fiction Sarojini Nagar Sarojini Nagar 20/04/2012 0.00 307.1214 MIS A-944319 0.00 English Books

© Delhi Public Library
Hit Counter
free hit counter